000 00667nam a2200229Ia 4500
005 20260430150231.0
008 008 250103s9999 xx 000 0 eng d
037 _aTheses
040 _aCRL
040 _beng
040 _ceng
041 _2eng
041 _aeng
084 _qCRL
100 _aGarg Anjali Au.; Manish Kumar Gu.
_91236884
245 0 _aIn Sillico Analysis of Host-Pathogen interaction: a Case study with molecular mimicry phenomena
260 _c2021
300 _a154p.
700 _aUniversity of Delhi. Faculty of Interdisciplinary & Applied Sciences. Department of Biophysics
_9551984
942 _cTH
999 _c1849285
_d1849285